日本の民放テレビ局 - Statistics

General Stats
  • This quiz has been taken 33 times
  • The average score is 41 of 127
Answer Stats
Answer % Correct
テレビ朝日
81%
テレビ東京
81%
フジテレビジョン
73%
TBSテレビ
58%
青森放送
54%
岩手めんこいテレビ
54%
テレビ大阪
54%
北海道放送
50%
テレビ北海道
50%
秋田放送
50%
日本テレビ放送網
50%
テレビ埼玉
50%
東海テレビ放送
50%
名古屋テレビ放送
50%
テレビ愛知
50%
関西テレビ放送
50%
仙台放送
46%
山形放送
46%
福島放送
46%
新潟放送
46%
静岡放送
46%
秋田テレビ
42%
テレビ神奈川
42%
山梨放送
42%
岐阜放送
42%
テレビ静岡
42%
中京テレビ放送
42%
毎日放送
42%
読売テレビ放送
42%
札幌テレビ放送
38%
北海道テレビ放送
38%
青森テレビ
38%
東北放送
38%
山形テレビ
38%
福島テレビ
38%
チューリップテレビ
38%
テレビ金沢
38%
北陸放送
38%
石川テレビ放送
38%
福井放送
38%
長野放送
38%
京都放送
38%
サンテレビジョン
38%
岡山放送
38%
北海道文化放送
35%
青森朝日放送
35%
テレビ岩手
35%
岩手朝日テレビ
35%
とちぎテレビ
35%
千葉テレビ放送
35%
北日本放送
35%
静岡朝日テレビ
35%
三重テレビ放送
35%
朝日放送テレビ
35%
テレビせとうち
35%
中国放送
35%
CBCテレビ
35%
宮城テレビ放送
31%
秋田朝日放送
31%
テレビユー山形
31%
東京メトロポリタンテレビジョン
31%
静岡第一テレビ
31%
テレビ和歌山
31%
山陰放送
31%
テレビ新広島
31%
テレビ山口
31%
高知放送
31%
テレビ高知
31%
九州朝日放送
31%
福岡放送
31%
長崎放送
31%
熊本放送
31%
大分放送
31%
テレビ大分
31%
テレビ宮崎
31%
宮崎放送
31%
鹿児島放送
31%
琉球放送
31%
新潟テレビ21
31%
東日本放送
27%
テレビユー福島
27%
群馬テレビ
27%
北陸朝日放送
27%
テレビ山梨
27%
びわ湖放送
27%
奈良テレビ放送
27%
広島テレビ放送
27%
広島ホームテレビ
27%
山口放送
27%
四国放送
27%
テレビ長崎
27%
鹿児島テレビ放送
27%
沖縄テレビ放送
27%
さくらんぼテレビジョン
23%
福島中央テレビ
23%
富山テレビ放送
23%
テレビ信州
23%
長野朝日放送
23%
信越放送
23%
テレビ愛媛
23%
テレビ熊本
23%
IBC岩手放送
23%
テレビ新潟放送網
19%
山口朝日放送
19%
愛媛朝日テレビ
19%
高知さんさんテレビ
19%
サガテレビ
19%
熊本朝日放送
19%
大分朝日放送
19%
南日本放送
19%
琉球朝日放送
19%
RKB毎日放送
19%
福井テレビジョン放送
15%
瀬戸内海放送
15%
南海放送
15%
テレビ西日本
15%
西日本放送
12%
あいテレビ
12%
熊本県民テレビ
12%
RSK山陽放送
12%
TVQ九州放送
12%
長崎国際テレビ
8%
長崎文化放送
8%
鹿児島読売テレビ
8%
NST新潟総合テレビ
8%
日本海テレビジョン放送
4%
山陰中央テレビジョン放送
0%
No matching quizzes found
Score Distribution
Percent of People with Each Score
Percentile by Number Answered
Your Score History
You have not taken this quiz